000 00854nam a2200217 a 4500
001 000000564
003 AM-YEHGA
005 20250617120337.0
008 021009s1991 ru |||||||||||||||||rus d
020 _a5020110736
040 _aAM-YeHGA
041 0 _arus
245 0 0 _aИсследования по гидронимии Татарстана /
_cАН СССР. Каз. фил. ; Ин-т языка, литературы и истории им. Г. Ибрагимова ; Отв. ред. М.З. Закиев.
260 _aМосква :
_bНаука,
_c1991.
300 _a294 с.
650 1 4 _aЯзыкознание
700 1 _aЗакиев, М.З.
_eред.
_4edt
710 2 _aИнститут языка, литературы и истории им. Г. Ибрагимова Казан. фил. АН СССР
942 _cBK
090 _c213
999 _c212
_d212